00000000nam##2200000za#4500
0019.574357
003CaOODSP
00520230202144024
007cr |||||||||||
008150406|1995||||xxc|||||o    f|0| 0 eng|d
040 |aCaOODSP|beng
043 |an-cn---
0861 |aH39-292/3-1995E-PDF
1102 |aNational Clearinghouse on Family Violence (Canada)‏.
24514|aThe impact of violence on mental health : |h[electronic resource]|ba guide to the literature : a report / |cprepared by Janice L. Ristock.
260 |aOttawa - Ontario : |bHealth Canada. |cFebruary 1995.
300 |a36p.|breferences
4901 |aDiscussion papers on health/family violence issues|v3
500 |aThe catalogue number (H39-292/3-1995E) and ISBN (0-662-23605-X) for the print edition have been incorrectly copied in this electronic publication.
504 |aBibliography.
590 |a12-25-Supp|b2012-06-04
7201 |aRistock, Janice L.
7760#|tThe impact of violence on mental health : |w(CaOODSP)9.612694
830#0|aDiscussion papers on health/family violence issues ;|v3|w(CaOODSP)9.507026
85640|ahttp://publications.gc.ca|qPDF|s3.25 MB|uhttps://publications.gc.ca/collections/Collection/H39-292-3-1995E.pdf|y3